Sexuality in greek and roman culture (Record no. 36325)
[ view plain ]
| 000 -LEADER | |
|---|---|
| fixed length control field | 01558nam a2200385 a 4500 |
| 082 04 - DEWEY DECIMAL CLASSIFICATION NUMBER | |
| Classification number | 306.70937/6 |
| 100 1# - MAIN ENTRY--AUTHOR NAME | |
| Personal name | Skinner, Marilyn B. |
| 245 10 - TITLE STATEMENT | |
| Title | Sexuality in greek and roman culture |
| 250 ## - EDITION STATEMENT | |
| Edition statement | 2nd ed. |
| 260 ## - PUBLICATION, DISTRIBUTION, ETC. (IMPRINT) | |
| Place of publication | Chichester, West Sussex, U.K. : |
| Name of publisher | Wiley-Blackwell, |
| Year of publication | c2014. |
| 300 ## - PHYSICAL DESCRIPTION | |
| Number of Pages | 1 online resource (xxxi, 426 p.) : |
| Other physical details | ill., maps. |
| 650 #0 - SUBJECT ADDED ENTRY--TOPICAL TERM | |
| Topical Term | Sex customs |
| Topical Term | Sex customs |
| 856 40 - ELECTRONIC LOCATION AND ACCESS | |
| Uniform Resource Identifier | http://site.ebrary.com/lib/rucke/Doc?id=10733345 |
| 588 ## - | |
| -- | Description based on online resource; title from title page (ebrary, viewed July 30, 2013). |
| 922 ## - | |
| -- | Innodata Copy |
No items available.
